Responses for Show #6757 - Tuesday, January 21, 2014

Sarah McNitt game 6.

Contestants

[<< previous game]

Emily Gadek, a web and social media editor from Palm Springs, California

Priscilla Emery, a records management consultant from Longwood, Florida

Sarah McNitt, a study-abroad advisor originally from Ann Arbor, Michigan (whose 5-day cash winnings total $89,398)

[next game >>]

Jeopardy! Round responses

ENTERTAINMENT BY THE NUMBERS
RETAIL THERAPY
"C" THE WORLD
OBAMA-RAMA
RHYME LINE
(Alex: All correct responses will rhyme with the word "line".)
& THE FISH WAS THIS BIG!
    $200 13
R2-D2

Emily
    $200 6
Target

Sarah
    $200 1
Cannes

Sarah
    $200 11
Hawaii

Priscilla
    $200 18
whine

Sarah
    $200 26
a swordfish

Priscilla
    $400 17
20,000 Leagues Under the Sea

Sarah
    $400 7
Gap

Sarah
    $400 2
Corsica

Sarah
    $400 12
Kenya

Sarah
    $400 19
a tine

Priscilla
    $400 27
a flounder

Emily
    $600 23
(Sarah: What is Deep Space Nine?)

Star Trek: Voyager

Sarah
Triple Stumper
    $600 8
Zappos

Sarah
    $600 3
Cairo

Emily
    $600 14
the Chicago White Sox

Priscilla
    $600 20
a concubine

Priscilla
    $600 29
a marlin

Priscilla
    $800 24
12 Angry Men

Sarah
    $800 9
Best Buy

Priscilla
    $800 4
Costa Rica

Priscilla
    $800 15
The Audacity of Hope

Emily
    $800 21
twine

Sarah
    $800 28
(Sarah: What is a guppy?)

minnow

SarahPriscilla
    $1000 25
Brooklyn Nine-Nine

Sarah
    $1000 10
Lowe's

Emily
    $800 5
(Priscilla: What is Cairn?)

Clydesdale

Priscilla
    $1000 16
Yes we can

Emily
    $1000 22
a pine

Emily
    $1000 30
trout

Sarah

Scores at the first commercial break (after clue 15):

Sarah Priscilla Emily
$2,200 $1,600 $2,600

Scores at the end of the Jeopardy! Round:

Sarah Priscilla Emily
$5,000 $4,200 $5,000

Double Jeopardy! Round responses

HIGH MAINTENANCE
HISTORY
POETIC LICENSE
BELLA ITALIA
MUSICAL RAP SHEET
INCOMPLETE "PASS"
(Alex: "P-A-S-S" coming up in each correct response.)
    $400 16
a suspended scaffold

Triple Stumper
    $400 1
the Kremlin

Priscilla
    $400 26
Emily Dickinson

Emily
    $400 6
canals

Sarah
    $400 21
shot the sheriff

Sarah
    $400 9
pass out

Emily
    $800 17
an antenna

Priscilla
    $800 2
the Falklands

Emily
    $800 27
(Emily: What is The Rime of the Ancient Mariner?)
...
(Alex: Yes, the author of The Rime of the Ancient Mariner.)

Coleridge

SarahEmily
    $800 7
(Emily: What is Naples?)
(Priscilla: What is Syracuse?)

Palermo

PriscillaEmily
Triple Stumper
    $800 22
"The Smuggler's Blues"

Triple Stumper
    $800 10
pass over

Sarah
    $1200 18
the Washington Monument

Emily
    $1200 3
Sparta

Priscilla
    $1200 28
[The end-of-round signal sounds.]

Elizabeth (Barrett) Browning

Sarah
    $2,000 8
(Sarah: What is Cuomo?)
(Alex: Oh, no. It's not Cuomo, like the New York governor, it's [*]--no "U" in there.)

Lake Como

Sarah
    $1200 23
(Alex: That's it, with a minute to go.)

"I Fought The Law"

Sarah
    $1200 11
pass muster

Triple Stumper
    $1600 19
Christ the Redeemer

Emily
    $1600 4
DEFCON

Sarah
    $1600 14
the Apennines

Priscilla
    $1600 24
"Alice's Restaurant"

Priscilla
    $1600 12
pass the torch

Emily
    $2000 20
transformers

Triple Stumper
    $2000 5
Mozambique

Sarah
    $2000 15
the Piazza Navona

Triple Stumper
    $2000 25
"Dark Lady"

Triple Stumper
    $2000 13
to pass with flying colors

Priscilla

Scores at the end of the Double Jeopardy! Round:

Sarah Priscilla Emily
$11,400 $11,000 $9,400

[wagering suggestions for these scores]

Final Jeopardy! Round responses

INTERNATIONAL SPORTS
EmilyWhat is Finland
$9,000
PriscillaWhat is Norway?
$7,000
SarahWhat is Russia?
$302
Norway

Final scores:

Sarah Priscilla Emily
$11,098 $18,000 $400
2nd place: $2,000 New champion: $18,000 3rd place: $1,000

Game dynamics:

Coryat scores:

Sarah Priscilla Emily
$13,400 $11,800 $9,400
20 R,
3 W
(including 1 DD)
15 R,
2 W
(including 1 DD)
13 R,
2 W

Combined Coryat: $34,600

[game clues] [game scores] [suggest correction]

Game tape date: 2013-11-12
The J! Archive is created by fans, for fans. Scraping, republication, monetization, and malicious use prohibited; this site may use cookies and collect identifying information. See terms. The Jeopardy! game show and all elements thereof, including but not limited to copyright and trademark thereto, are the property of Jeopardy Productions, Inc. and are protected under law. This website is not affiliated with, sponsored by, or operated by Jeopardy Productions, Inc. Join the discussion at JBoard.tv.